00632 a2200193 450000500170000000800410001702000140005804000500007204100080012210000180013024500300014826000530017830000400023149000250027165000360029665000350033265000400036765000310040720180312141943.0131003s1982 xxua br|||| 00| 0 eng d a006444034 aCO-BoUCMbspacJose A. GerenadJose A. Gerena00aeng1 aLobel, Arnold10aOwl at homecArnold Lobel c1982bHarper trophyaNueva York (Estados Unidos) a64 páginasbilustraciones a color aAn i can read a book 7aLibros ilustrados para niños  7aLibros y lectura para niños  7aLiteratura infantil estadounidense  7aAnimales en la literatura